00306nam a2200133Ia 4500003000400000005001700004008004100021020000800062040001700070100003100087100000900118245002300127260002200150OSt20240329120411.0170524s9999 xx 000 0 und d anil ciimtu meerut aLAUDON- DELABOUR LAWABITTA c1993 0aCONSUMER BEHAVIOUR aTATA MC GRAW HILL